| 000 | 01345cam a2200301 i 4500 | ||
|---|---|---|---|
| 003 | SA-RiAUC | ||
| 005 | 20250928093012.0 | ||
| 008 | 250924s1994 su o g i00000 ara c | ||
| 040 |
_aSA-RiKSU _bara _cSA-RiAUC _erda |
||
| 043 | _aa-cc--- | ||
| 082 | 0 | 4 | _a210.951 |
| 090 |
_a210.951 _bع ب و |
||
| 100 | 1 |
_aالعبودي، محمد بن ناصر، _d1345-1443 هجري _eمؤلف. |
|
| 245 | 1 | 0 |
_aفي جنوب الصين : _bحديث عن المسلمين في ماضيهم وحاضرهم / _cبقلم محمد بن ناصر العبودي. |
| 250 | _aالطبعة الأولى. | ||
| 264 | 1 |
_aمكة المكرمة : _bرابطة العالم الإسلامي، قطاع الإعلام والثقافة، _c1994 |
|
| 300 |
_a148 صفحة : _bإيضاحيات ؛ _c22 سم. |
||
| 336 |
_aنص _btxt _2rdacontent _3كتاب |
||
| 337 |
_aبدون وسيط _bn _2rdamedia |
||
| 338 |
_aمجلد _bnc _2rdacarrier |
||
| 490 | 1 |
_aدعوة الحق (رابطة العالم الإسلامي (مكة المكرمة)) _v136 |
|
| 650 | 7 |
_aالمسلمون _zالصين _2aucsh |
|
| 650 | 7 |
_aالإسلام _zالصين _xتاريخ _2aucsh |
|
| 830 | 0 |
_aدعوة الحق (رابطة العالم الإسلامي (مكة المكرمة)) _v136 |
|
| 942 |
_2ddc _cBOOK _n0 |
||
| 949 |
_aSA-JeALM _d250924 _umohamedma123 _n1 |
||
| 999 |
_c12162 _d12162 |
||